00981nam a2200229Ia 4500003000400000005001700004008004000021040000700061041001200068082001500080100002800095245002500123260002700148300000700175520035700182650003100539690002400570906001100594942001200605999001700617952011700634OSt20250728141559.0210210b1989 xxu||||| |||| 00| 0 eng d cAL aEnglish a737.4 TAYC aTAYLOR (Geo P).9220492 aCoins of Tipusultan. aMadras.bA E S.,c1989 a36 a"The Coins of Tipu Sultan" is a numismatic work by George P. Taylor, published in 1914. It focuses on the coinage of Tipu Sultan, the ruler of the Kingdom of Mysore, who was known for his military prowess and innovative reforms. Taylor's book is a detailed study of Tipu Sultan's coins, likely including their historical context, design, and variations aCoins, Tipu Sultan9220493 aNumismatics9220494 a043189 2ddccBK c92608d92608 00102ddc40708HISaALbALcSSSd2021-02-17g80.00l0o737.4 TAYCp043189r2021-02-17 00:00:00w2021-02-17yBK